Catálogo
 En Linea

El reformismo dependiente / (Registro nro. 23514)

Detalles MARC
000 -CABECERA
campo de control de longitud fija 01381nam a2200313 i 4500
001 - NÚMERO DE CONTROL
campo de control 000024019
003 - IDENTIFICADOR DEL NÚMERO DE CONTROL
campo de control DO-SdBNP
005 - FECHA Y HORA DE LA ÚLTIMA TRANSACCIÓN
campo de control 20250205124808.0
006 - CÓDIGOS DE INFORMACIÓN DE LONGITUD FIJA--CARACTERÍSTICAS DEL MATERIAL ADICIONAL
campo de control de longitud fija a||||gr|||| 00| 0
007 - CAMPO FIJO DE DESCRIPCIÓN FÍSICA--INFORMACIÓN GENERAL
campo de control de longitud fija ta
008 - DATOS DE LONGITUD FIJA--INFORMACIÓN GENERAL
campo de control de longitud fija 110118e1985 dr ad 000 e spa d
040 ## - FUENTE DE LA CATALOGACIÓN
Centro catalogador/agencia de origen DO-SdBNP
Lengua de catalogación spa
Centro/agencia transcriptor BNPHU
Normas de descripción rda
082 #4 - NÚMERO DE LA CLASIFICACIÓN DECIMAL DEWEY
Número de documento/Ítem L925r
Número de edición 22
100 1# - ENTRADA PRINCIPAL--NOMBRE DE PERSONA
Nombre de persona Lozano, Wilfredo
Fechas asociadas al nombre 1950-
Término indicativo de función/relación autor
9 (RLIN) 7126
245 13 - MENCIÓN DE TÍTULO
Título El reformismo dependiente /
Mención de responsabilidad, etc. Wilfredo Lozano.
264 ## - PRODUCCIÓN, PUBLICACIÓN, DISTRIBUCIÓN, FABRICACIÓN Y COPYRIGHT
Producción, publicación, distribución, fabricación y copyright Santo Domingo :
Nombre del de productor, editor, distribuidor, fabricante Taller,
Fecha de producción, publicación, distribución, fabricación o copyright 1985.
300 ## - DESCRIPCIÓN FÍSICA
Extensión 303 páginas :
Otras características físicas Ilustraciones, gráficas ;
Dimensiones 23 cm.
336 ## - TIPO DE CONTENIDO
Fuente rdacontent
Término de tipo de contenido texto
Código de tipo de contenido txt
337 ## - TIPO DE MEDIO
Fuente rdamedia
Nombre/término del tipo de medio sin mediación
Código del tipo de medio n
338 ## - TIPO DE SOPORTE
Fuente rdacarrier
Nombre/término del tipo de soporte volumen
Código del tipo de soporte nc
490 ## - MENCIÓN DE SERIE
Mención de serie Biblioteca Taller ;
Designación de volumen o secuencia 213
500 ## - NOTA GENERAL
Nota general Incluye índice de cuadros, diagramas y gráficos.
500 ## - NOTA GENERAL
Nota general Incluye datos biográficos del autor en la contraportada
500 ## - NOTA GENERAL
Nota general Incluye notas al pie las páginas
504 ## - NOTA DE BIBLIOGRAFÍA, ETC.
Nota de bibliografía, etc. Bibliografía : páginas 291-297
505 ## - NOTA DE CONTENIDO CON FORMATO
Nota de contenido con formato Introducción--
Información miscelánea Capítulo 1--
Título La Crisis del Post-Trujillosmo--
Información miscelánea Capítulo 2--
Título La Estrategia de la Dominación del Reformismo Dependiente--
Información miscelánea Capítulo 3--
Título Acumulación de capital y clases sociales--
Información miscelánea Capítulo 4--
Título La modernización de la burguesía dependiente--
-- Epílogo--
-- La Crisis del Reformismo Dependiente--
-- Apéndice Estadístico--
-- Bibliografía Citada.
590 ## - NOTA LOCAL (RLIN)
Nota local Inventariado 2024 / MF
942 ## - ELEMENTOS DE PUNTO DE ACCESO ADICIONAL (KOHA)
Fuente del sistema de clasificación o colocación Dewey Decimal Classification
Tipo de ítem Koha Libro
Existencias
Estado de retiro Estado de pérdida Fuente del sistema de clasificación o colocación Restricciones de uso No para préstamo Código de colección Localización permanente Ubicación/localización actual Ubicación en estantería Fecha de adquisición Fuente de adquisición Signatura topográfica completa Código de barras Fecha visto por última vez Número de copia Precio válido a partir de Tipo de ítem Koha Total de préstamos Nota pública
    Dewey Decimal Classification Préstamo en sala   Dominicana de Servicio Biblioteca Nacional Pedro Henríquez Ureña Biblioteca Nacional Pedro Henríquez Ureña Depósito 21.07.2027 Depósito Legal BNPHU DS L925r 24019-40 25.06.2020 e. 3 25.06.2020 Libro    
    Dewey Decimal Classification Excluido de préstamo   Patrimonio Dominicano Biblioteca Nacional Pedro Henríquez Ureña Biblioteca Nacional Pedro Henríquez Ureña Depósito 21.07.2027 Depósito Legal BNPHU PD L925r 24019-10 25.06.2020   25.06.2020 Libro    
    Dewey Decimal Classification Excluido de préstamo   Patrimonio Dominicano Biblioteca Nacional Pedro Henríquez Ureña Biblioteca Nacional Pedro Henríquez Ureña Depósito 11.11.1991   BNPHU PD L925r 24019-30 25.06.2020 e. 2 25.06.2020 Libro    
    Dewey Decimal Classification Préstamo en sala   Dominicana de Servicio Biblioteca Nacional Pedro Henríquez Ureña Biblioteca Nacional Pedro Henríquez Ureña En catalogación 08.04.2023 Donado por la Presidencia de la República Dominicana 2023. BNPHU DS L925r 2024-1929 08.04.2024 e.4 08.04.2024 Libro   Perteneció a la biblioteca personal de Emilio Cordero Michel.

Con tecnología Koha